[Event "5. Kaltern-Trophy 2022 Open A"]
[Site "Kaltern"]
[Date "2022.10.23"]
[Round "4.1"]
[White "Teutsch, Alexander"]
[Black "Kranzl, Julian"]
[Result "0-1"]
[WhiteElo "2189"]
[BlackElo "2238"]
[PlyCount "115"]
[EventDate "2022.10.21"]

1. d4 Nf6 2. c4 e6 3. Nc3 Bb4 4. e3 b6 5. Nge2 Ne4 6. Qc2 Bb7 7. a3 Bxc3+ 8. Nxc3 Nxc3 9. Qxc3 d6 10. b4 a5 11. Bb2 axb4 12. axb4 Rxa1+ 13. Bxa1 O-O 14. d5 Qg5 15. h4 Qg6 16. h5 Qb1+ 17. Kd2 e5 18. g3 Nd7 19. Bg2 Qf5 20. Ke2 Ra8 21. Bf3 Nf6 22. Bb2 Bc8 23. Rh4 Qb1 24. Rh1 Qf5 25. Rh4 b5 26. e4 Qd7 27. c5 Qe8 28. h6 dxc5 29. Qxe5 Ra2 30. Kf1 Qxe5 31. Bxe5 g5 32. Rh1 Nd7 33. Bxc7 cxb4 34. Bg4 Ra1+ 35. Kg2 Rxh1 36. Kxh1 b3 37. Bd1 Nc5 38. Be5 Nxe4 39. Bxb3 Nd2 40. Bd1 Bb7 41. Bd4 Bxd5+ 42. Kg1 b4 43. Be3 Ne4 44. Bf3 Nc3 45. Bxd5 Nxd5 46. Bd4 Ne7 47. g4 Nd5 48. Kf1 f6 49. Ke2 Kf7 50. Kd3 Ke6 51. Ke4 Nc3+ 52. Kd3 Nb5 53. Bb2 Nd6 54. Kd4 Nf7 55. Ke4 Nxh6 56. f3 Nf7 57. f4 Nd6+ 58. Kd4 0-1

[Event "5. Kaltern-Trophy 2022 Open A"]
[Site "Kaltern"]
[Date "2022.10.23"]
[Round "4.2"]
[White "Ritzka, Simon"]
[Black "Barp, Alberto"]
[Result "0-1"]
[WhiteElo "2041"]
[BlackElo "2413"]
[PlyCount "70"]
[EventDate "2022.10.21"]

1. e4 e5 2. Nf3 Nc6 3. Bb5 a6 4. Ba4 g6 5. d4 b5 6. Bb3 exd4 7. Nxd4 Na5 8. Bd2 Nxb3 9. Nxb3 Bg7 10. Bc3 f6 11. O-O Ne7 12. a4 Rb8 13. Re1 d6 14. axb5 axb5 15. f4 b4 16. Bd4 O-O 17. N1d2 Be6 18. e5 fxe5 19. fxe5 Nc6 20. Nf3 Bg4 21. e6 Bxf3 22. gxf3 Qg5+ 23. Kh1 Nxd4 24. Nxd4 Rbe8 25. Nc6 Qb5 26. Nd8 Re7 27. Ra8 Bxb2 28. f4 Bf6 29. Qf3 Ree8 30. e7 Bxe7 31. Nc6 Rxa8 32. Rxe7 Ra1+ 33. Kg2 Qc5 34. Rxc7 Rg1+ 35. Kh3 Qf5+ 0-1

[Event "5. Kaltern-Trophy 2022 Open A"]
[Site "Kaltern"]
[Date "2022.10.23"]
[Round "4.3"]
[White "Lami, Damiano"]
[Black "Mueller, Ralf"]
[Result "0-1"]
[WhiteElo "2074"]
[BlackElo "2342"]
[PlyCount "96"]
[EventDate "2022.10.21"]

1. e4 e5 2. Nc3 Nf6 3. f4 d5 4. fxe5 Nxe4 5. Qf3 Nc6 6. Bb5 Nxc3 7. dxc3 Qh4+ 8. g3 Qe4+ 9. Qxe4 dxe4 10. Bf4 Bd7 11. Bc4 g5 12. Bxg5 Nxe5 13. Bd5 Bc6 14. Bxc6+ Nxc6 15. Bf6 Rg8 16. Nh3 Rg6 17. O-O Be7 18. Bxe7 Nxe7 19. Rae1 f5 20. Nf4 Rb6 21. g4 O-O-O 22. gxf5 Nxf5 23. b3 Rg8+ 24. Kf2 Rh6 25. Rh1 Rh4 26. Nd5 c6 27. Ne3 Rf4+ 28. Ke2 Rf3 29. Nxf5 Rg2+ 30. Kd1 Rxf5 31. Rhg1 Rd5+ 32. Kc1 Rxh2 33. Rxe4 Rdd2 34. Rg8+ Kc7 35. Rg7+ Rd7 36. Ree7 Rxe7 37. Rxe7+ Kb6 38. a4 a5 39. b4 axb4 40. cxb4 Rh4 41. c3 Rh2 42. Kb1 h5 43. Rh7 h4 44. c4 h3 45. Rh6 Kc7 46. c5 Kd7 47. Rh7+ Ke6 48. Rxb7 Rg2 0-1

[Event "5. Kaltern-Trophy 2022 Open A"]
[Site "Kaltern"]
[Date "2022.10.23"]
[Round "4.4"]
[White "Loiacono, Leonardo"]
[Black "Thurner, Markus"]
[Result "1-0"]
[WhiteElo "2257"]
[BlackElo "2026"]
[PlyCount "92"]
[EventDate "2022.10.21"]

1. d4 e6 2. c4 f5 3. Nf3 Nf6 4. g3 Bb4+ 5. Nbd2 d6 6. Bg2 O-O 7. O-O Bxd2 8. Qxd2 Qe8 9. b3 Nbd7 10. Qc2 Qh5 11. c5 dxc5 12. dxc5 c6 13. Qc4 Nd5 14. Bb2 f4 15. e4 fxe3 16. fxe3 N7f6 17. Bxf6 Rxf6 18. Rae1 Bd7 19. e4 Nc7 20. Qd4 Rd8 21. Rd1 Rff8 22. a4 h6 23. Ne5 Bc8 24. Qxd8 Rxd8 25. Rxd8+ Kh7 26. Nd3 Qe2 27. Rxc8 Na6 28. Rd8 Qe3+ 29. Kh1 Nxc5 30. Nxc5 Qxc5 31. Rd7 b5 32. axb5 cxb5 33. h3 a5 34. Kh2 a4 35. bxa4 bxa4 36. Ra1 h5 37. h4 Kh6 38. Rxa4 g5 39. e5 gxh4 40. Rxh4 Qe3 41. Re7 Qxe5 42. Re4 Qc3 43. R7xe6+ Kg5 44. R6e5+ Kg6 45. Rd5 Qc6 46. Rg4+ hxg4 1-0

[Event "5. Kaltern-Trophy 2022 Open A"]
[Site "Kaltern"]
[Date "2022.10.23"]
[Round "4.5"]
[White "Nicolodi, Raoul"]
[Black "Olivetti, Davide"]
[Result "0-1"]
[WhiteElo "2021"]
[BlackElo "2144"]
[PlyCount "180"]
[EventDate "2022.10.21"]

1. Nf3 d6 2. c4 g6 3. g3 Bg7 4. Bg2 e5 5. Nc3 Ne7 6. d3 O-O 7. O-O f5 8. e3 h6 9. Ne1 Nbc6 10. f4 exf4 11. exf4 Nd4 12. Nc2 Nxc2 13. Qxc2 Nc6 14. Be3 Re8 15. Bf2 Nd4 16. Qd2 Bd7 17. Rae1 c6 18. Rxe8+ Bxe8 19. Re1 Bf7 20. Ne2 Ne6 21. d4 Nc7 22. b3 Bf6 23. Nc1 a5 24. a4 Na6 25. Nd3 Kg7 26. Re2 Qb6 27. Nc1 g5 28. d5 c5 29. Be3 g4 30. Qd3 Kg6 31. Bd2 Nb4 32. Qb1 Be8 33. Nd3 Bd7 34. Nxb4 axb4 35. Bc1 Bd4+ 36. Be3 Re8 37. Qe1 Bf6 38. Bc1 Rxe2 39. Qxe2 Qd8 40. Bb2 Qh8 41. Bxf6 Qxf6 42. Bf1 Qd4+ 43. Kg2 Kf7 44. Qd3 Qf6 45. Qc2 Ke7 46. Bd3 Kd8 47. Kf1 Kc7 48. Kg2 Kb6 49. Kf1 h5 50. Kg2 h4 51. Kf1 Ka5 52. Qb1 h3 53. Ke2 Qd4 54. Kf1 Qe3 55. Qd1 Qd4 56. Qc2 Ka6 57. Qb1 Kb6 58. Qc2 Qf6 59. Qb1 Kc7 60. Qc2 Kd8 61. Qb1 Bc8 62. Qc2 Kc7 63. Qb1 Kb6 64. Qc2 Ka5 65. Qb1 Qc3 66. Qc2 Bd7 67. Ke2 Qa1 68. Qb1 Qd4 69. Kf1 Ka6 70. Qc2 Qe3 71. Qd1 Ka5 72. Be2 Ka6 73. Bd3 Ka7 74. Be2 Ka8 75. Bd3 Kb8 76. Be2 Bxa4 77. bxa4 b3 78. Qb1 Qc3 79. Qxf5 b2 80. Bd3 Qd2 81. Bb1 Qg2+ 82. Ke1 Qxh2 83. Qf8+ Ka7 84. Qxd6 Qg1+ 85. Ke2 Qg2+ 86. Kd3 Qxg3+ 87. Kc2 Qf2+ 88. Kb3 h2 89. a5 Qe3+ 90. Kxb2 Qd2+ 0-1

[Event "5. Kaltern-Trophy 2022 Open A"]
[Site "Kaltern"]
[Date "2022.10.23"]
[Round "4.6"]
[White "Schneider-Zinner, Harald"]
[Black "Linder, Oliver"]
[Result "1-0"]
[WhiteElo "2361"]
[BlackElo "1870"]
[PlyCount "123"]
[EventDate "2022.10.21"]

1. e4 e6 2. d4 d5 3. Nc3 Be7 4. Nf3 Nf6 5. Bd3 c5 6. exd5 exd5 7. dxc5 Bxc5 8. Bg5 Be6 9. O-O O-O 10. Qd2 Nc6 11. Rad1 Be7 12. Rfe1 a6 13. h3 Qc7 14. Bf4 Bd6 15. Bxd6 Qxd6 16. Ne2 Ne5 17. Nxe5 Qxe5 18. Nd4 Qd6 19. c3 h6 20. Nxe6 fxe6 21. Qe3 Rfe8 22. f4 Re7 23. Rd2 Rf8 24. Bg6 Qc6 25. Rde2 Qd6 26. Qe5 Qc5+ 27. Qe3 Qd6 28. Qd4 Nd7 29. g3 Rf6 30. Bc2 Qb6 31. Qxb6 Nxb6 32. h4 g6 33. Re5 Kf7 34. h5 gxh5 35. Rxh5 Nc4 36. b3 Nd6 37. Rhe5 Re8 38. a4 Rg8 39. Kf2 Rc8 40. c4 dxc4 41. b4 Rc7 42. Rc5 Rxc5 43. bxc5 Nf5 44. Rb1 Nd4 45. Rxb7+ Kf8 46. Be4 c3 47. Rb4 c2 48. Rc4 e5 49. c6 Ne6 50. c7 Nxc7 51. Rxc7 exf4 52. g4 Rd6 53. Bxc2 Rd4 54. Kf3 Rb4 55. Rc5 Ke7 56. Ra5 Rb6 57. Kxf4 Rd6 58. Be4 Rf6+ 59. Rf5 Rb6 60. Rc5 Rb4 61. a5 Ra4 62. Ke5 1-0

[Event "5. Kaltern-Trophy 2022 Open A"]
[Site "Kaltern"]
[Date "2022.10.23"]
[Round "4.7"]
[White "Haller, Quentin"]
[Black "Scharrer, Udo"]
[Result "1/2-1/2"]
[WhiteElo "2095"]
[BlackElo "1942"]
[PlyCount "63"]
[EventDate "2022.10.21"]

1. Nf3 Nf6 2. c4 g6 3. g3 Bg7 4. Bg2 O-O 5. O-O d6 6. Nc3 Nc6 7. d3 e5 8. Rb1 Rb8 9. Bg5 h6 10. Bxf6 Bxf6 11. b4 a6 12. Qd2 Bg7 13. Rfc1 Nd4 14. b5 Nxf3+ 15. Bxf3 b6 16. bxa6 Bxa6 17. Nd5 Bb7 18. Bg2 Kh8 19. e3 Ra8 20. d4 Ra7 21. dxe5 Bxe5 22. Nb4 Bxg2 23. Kxg2 Qa8+ 24. Qd5 Ra5 25. Qf3 Qxf3+ 26. Kxf3 Rfa8 27. Nd5 R8a7 28. Rc2 Kg7 29. Rb5 Ra3 30. Rb3 R3a4 31. Rb4 Ra3 32. Rb3 1/2-1/2

[Event "5. Kaltern-Trophy 2022 Open A"]
[Site "Kaltern"]
[Date "2022.10.23"]
[Round "4.8"]
[White "Buglisi, Massimo"]
[Black "Bodrov, Timofey"]
[Result "0-1"]
[WhiteElo "1943"]
[BlackElo "2050"]
[PlyCount "78"]
[EventDate "2022.10.21"]

1. e4 e5 2. f4 exf4 3. Nf3 d5 4. exd5 Nf6 5. Bb5+ c6 6. dxc6 bxc6 7. Bc4 Bd6 8. d4 O-O 9. O-O Bg4 10. c3 Nbd7 11. Nbd2 Nb6 12. Bd3 Re8 13. Qc2 Nbd5 14. Ne4 Nxe4 15. Bxe4 h6 16. Bd2 Ne3 17. Bxe3 fxe3 18. Rae1 Qc7 19. h3 Bd7 20. Bh7+ Kh8 21. Ne5 Bxe5 22. dxe5 Qxe5 23. Rxf7 Qg3 24. Re2 Rad8 25. Rf3 Qg5 26. Be4 Bxh3 27. Rfxe3 Bxg2 28. Kh2 Bf1 29. Re1 Rxe4 30. Qxe4 Rd2+ 31. R1e2 Rxe2+ 32. Rxe2 Qh5+ 33. Kg1 Bxe2 34. Qxc6 Bf3 35. Qc8+ Kh7 36. Kf2 Bd5 37. Ke3 Qe5+ 38. Kd2 Bxa2 39. Qa6 Qd5+ 0-1

[Event "5. Kaltern-Trophy 2022 Open A"]
[Site "?"]
[Date "2022.10.23"]
[Round "4.9"]
[White "Bernardi, Ruben"]
[Black "Grundhammer, Gerhard"]
[Result "1-0"]
[WhiteElo "2102"]
[BlackElo "1811"]
[PlyCount "69"]
[EventDate "2022.??.??"]

1. e4 e5 2. Nf3 Nf6 3. Nc3 Nc6 4. g3 d5 5. exd5 Nxd5 6. Bg2 Nxc3 7. bxc3 Bd6 8. O-O O-O 9. Rb1 Rb8 10. d3 b6 11. Ng5 Ne7 12. d4 Bf5 13. Re1 exd4 14. cxd4 Qd7 15. Ne4 Nd5 16. c4 Bxe4 17. Bxe4 Nc3 18. Bxh7+ Kxh7 19. Qc2+ Kg8 20. Qxc3 Qf5 21. Rb2 a5 22. a3 Rfe8 23. Rbe2 Rxe2 24. Rxe2 Qf6 25. Qe3 c5 26. Bb2 Qf5 27. d5 Bf8 28. a4 Qb1+ 29. Kg2 Qd1 30. Qe5 Rc8 31. Re4 Ra8 32. Rh4 Qxa4 33. Rg4 f6 34. Qe6+ Kh7 35. Qf7 1-0

[Event "5. Kaltern-Trophy 2022 Open A"]
[Site "Kaltern"]
[Date "2022.10.23"]
[Round "4.10"]
[White "Kaserer, Hans-Peter"]
[Black "Dietiker, Manuel"]
[Result "1/2-1/2"]
[WhiteElo "1897"]
[BlackElo "2021"]
[PlyCount "81"]
[EventDate "2022.10.21"]

1. d4 Nf6 2. c4 e6 3. Nc3 Bb4 4. Qc2 c5 5. e3 Nc6 6. Nf3 d6 7. Bd3 O-O 8. O-O h6 9. a3 Ba5 10. Rd1 Qe7 11. Rb1 Bxc3 12. Qxc3 e5 13. d5 Nb8 14. e4 b6 15. b4 Nbd7 16. h3 Nh5 17. Re1 Qf6 18. Be3 Nf4 19. Nh2 g5 20. Bxf4 gxf4 21. Be2 Qg7 22. Bg4 Nf6 23. bxc5 Nxg4 24. hxg4 bxc5 25. f3 f6 26. Qa5 Kh8 27. Re2 Rg8 28. Qb5 a5 29. Qc6 Ra6 30. Rb6 Rxb6 31. Qxb6 h5 32. Qxd6 hxg4 33. fxg4 Qh6 34. Rb2 f3 35. Rf2 Bxg4 36. Nxg4 Rxg4 37. Rxf3 Qc1+ 38. Rf1 Qe3+ 39. Rf2 Qe1+ 40. Rf1 Qe3+ 41. Rf2 1/2-1/2

[Event "5. Kaltern-Trophy 2022 Open A"]
[Site "Kaltern"]
[Date "2022.10.23"]
[Round "4.12"]
[White "Luebke, Florentin"]
[Black "Kezic, Andreas"]
[Result "1/2-1/2"]
[WhiteElo "1910"]
[BlackElo "1922"]
[PlyCount "75"]
[EventDate "2022.10.21"]

1. e4 e5 2. Nf3 Nc6 3. d4 exd4 4. Nxd4 Bc5 5. Nb3 Bb6 6. Nc3 Nge7 7. Qe2 O-O 8. Be3 d6 9. O-O-O f5 10. Bg5 Qe8 11. f3 fxe4 12. Qxe4 Qg6 13. Qxg6 Nxg6 14. Nd5 Rf5 15. h4 Nge5 16. Nxb6 axb6 17. a3 Be6 18. Nd4 Nxd4 19. Rxd4 Nc6 20. Rd1 b5 21. Bd3 Rd5 22. Bd2 Bf5 23. Bxf5 Rxf5 24. Rhe1 Kf7 25. Re4 Ra4 26. Rde1 Re5 27. Rxe5 Nxe5 28. g4 h5 29. Rf1 Kg8 30. gxh5 Rxh4 31. f4 Nf7 32. Rg1 Rxh5 33. Bc3 Rh7 34. Kd2 Nd8 35. Ke3 Kf7 36. f5 Nc6 37. Rg4 Ne7 38. Ke4 1/2-1/2

[Event "5. Kaltern-Trophy 2022 Open A"]
[Site "Kaltern"]
[Date "2022.10.23"]
[Round "4.13"]
[White "Maglioni, Leonardo"]
[Black "Bevilacqua, Maurizio"]
[Result "1-0"]
[WhiteElo "1822"]
[BlackElo "2032"]
[PlyCount "101"]
[EventDate "2022.10.21"]

1. b4 e5 2. Bb2 f6 3. e4 Bxb4 4. Bc4 Ne7 5. Qh5+ Ng6 6. f4 exf4 7. Nf3 Qe7 8. Kd1 Nc6 9. e5 fxe5 10. Bxe5 Ncxe5 11. Nxe5 Qxe5 12. Re1 Qxe1+ 13. Kxe1 Be7 14. Bd3 O-O 15. Nc3 c6 16. Kf1 d5 17. Re1 Rf7 18. Ne2 Bd7 19. Nd4 Bc5 20. Nf3 Nf8 21. c4 g6 22. Qh6 Re8 23. Rxe8 Bxe8 24. Qg5 Be7 25. Qe5 Nd7 26. Qc7 Nc5 27. Be2 Bf6 28. Qb8 Rf8 29. Qxa7 Ne4 30. cxd5 cxd5 31. Qxb7 Bf7 32. Qc6 Kg7 33. Bd3 Re8 34. h4 h6 35. a4 g5 36. hxg5 hxg5 37. Qd7 Re7 38. Qc8 Be6 39. Qb8 Ng3+ 40. Kg1 Bf7 41. a5 Re8 42. Qd6 Re6 43. Qb4 Ne4 44. a6 Be7 45. Qd4+ Kg8 46. a7 Bc5 47. a8=Q+ Re8 48. Qxc5 Rxa8 49. Bxe4 dxe4 50. Qxg5+ Kf8 51. Ne5 1-0

[Event "5. Kaltern-Trophy 2022 Open A"]
[Site "Kaltern"]
[Date "2022.10.23"]
[Round "4.14"]
[White "Budyi, Danylo"]
[Black "Tellarini, Lorenzo"]
[Result "1-0"]
[WhiteElo "1912"]
[BlackElo "1750"]
[PlyCount "63"]
[EventDate "2022.10.21"]

1. d4 d5 2. c4 e6 3. Nc3 c6 4. e3 f5 5. g4 Nf6 6. g5 Ne4 7. Nxe4 fxe4 8. h4 Bd6 9. Bg2 Nd7 10. Bd2 b6 11. Rc1 Ba6 12. Nh3 Qc7 13. Qg4 O-O-O 14. Qxe6 Rhe8 15. Qg4 Bxc4 16. Rxc4 dxc4 17. Bxe4 g6 18. O-O Kb8 19. Rc1 b5 20. b3 c5 21. bxc4 b4 22. a3 cxd4 23. exd4 Nc5 24. dxc5 Bh2+ 25. Kg2 Rxd2 26. Rb1 a5 27. axb4 Rxe4 28. bxa5+ Ka7 29. Qxe4 Be5 30. a6 Kxa6 31. Qa8+ Qa7 32. Rb6+ 1-0

[Event "5. Kaltern-Trophy 2022 Open A"]
[Site "Kaltern"]
[Date "2022.10.23"]
[Round "4.15"]
[White "Bisaro, Andrea"]
[Black "Niederstaetter, Harald"]
[Result "0-1"]
[WhiteElo "1819"]
[BlackElo "1904"]
[PlyCount "68"]
[EventDate "2022.10.21"]

1. d4 c5 2. d5 d6 3. c4 g6 4. Nc3 Bg7 5. e4 e6 6. Nge2 Ne7 7. Ng3 O-O 8. Bd3 Na6 9. O-O Nc7 10. Be3 h6 11. Qd2 Kh7 12. f4 exd5 13. cxd5 f5 14. Rad1 fxe4 15. Bxe4 Bg4 16. Rde1 b5 17. h3 Bd7 18. Rd1 b4 19. Nce2 Nb5 20. Nh5 Nf5 21. Bxf5 gxf5 22. Nxg7 Kxg7 23. a3 a5 24. Qd3 Nc7 25. Rf3 Qf6 26. Bc1 Bb5 27. Qc2 Bxe2 28. Qxe2 Rae8 29. Qd2 Kh7 30. axb4 axb4 31. b3 Qe7 32. Qc2 Qe4 33. Qd2 Rg8 34. Bb2 Qxf3 0-1

[Event "5. Kaltern-Trophy 2022 Open A"]
[Site "Kaltern"]
[Date "2022.10.23"]
[Round "4.16"]
[White "Capraro, Fabio"]
[Black "Pigato, Alex"]
[Result "1-0"]
[WhiteElo "1908"]
[BlackElo "1762"]
[PlyCount "85"]
[EventDate "2022.10.21"]

1. c4 g6 2. g3 Bg7 3. Bg2 d6 4. Nc3 e5 5. e4 Ne7 6. Nge2 O-O 7. O-O Nbc6 8. d3 Bd7 9. Rb1 a5 10. a3 f5 11. f4 fxe4 12. dxe4 Nd4 13. Nxd4 exd4 14. Na4 c5 15. b3 Qc7 16. Nb2 Rab8 17. a4 Nc6 18. Nd3 Rbe8 19. h3 Nb4 20. Nxb4 axb4 21. Qd3 Bc6 22. Bd2 Re7 23. Rbe1 b6 24. Re2 Qb7 25. Rfe1 Rfe8 26. Kh2 Bh6 27. g4 Kh8 28. Bf3 Kg8 29. f5 Bxd2 30. Qxd2 Bxe4 31. f6 Re6 32. Rxe4 Rxe4 33. Rxe4 Rxe4 34. Qg2 Qf7 35. Bxe4 Qxf6 36. Qf3 Qe5+ 37. Kg2 Qe7 38. Kf2 Qh4+ 39. Ke2 Qe7 40. Kd3 Kg7 41. Bd5 Qe8 42. g5 Qe7 43. h4 1-0

[Event "5. Kaltern-Trophy 2022 Open A"]
[Site "Kaltern"]
[Date "2022.10.23"]
[Round "4.17"]
[White "De Nisi, Roberta"]
[Black "Heyne, Regina"]
[Result "1/2-1/2"]
[WhiteElo "1842"]
[BlackElo "1792"]
[PlyCount "116"]
[EventDate "2022.10.21"]

1. d4 d5 2. c4 e6 3. Nf3 Nf6 4. Nc3 Be7 5. Bg5 O-O 6. e3 Nbd7 7. cxd5 exd5 8. Bd3 c6 9. O-O h6 10. Bh4 Re8 11. Qc2 Nf8 12. Ne5 Be6 13. a3 Rc8 14. b4 a6 15. Na4 N6d7 16. Bxe7 Qxe7 17. f4 f6 18. Nxd7 Nxd7 19. Rae1 Qd8 20. f5 Bf7 21. Qf2 a5 22. Nc5 Nxc5 23. bxc5 b6 24. cxb6 Qxb6 25. Rb1 Qc7 26. Rfe1 c5 27. dxc5 Qxc5 28. Bb5 Red8 29. a4 Qc2 30. Qxc2 Rxc2 31. Rbd1 Kf8 32. Rd4 Rdc8 33. Kf1 Ke7 34. h3 Kd6 35. Red1 Ke5 36. Bd7 R8c5 37. Bb5 Kxf5 38. Bd3+ Ke5 39. Bxc2 Rxc2 40. R1d2 Rc3 41. Kf2 f5 42. g4 fxg4 43. Rxg4 g6 44. h4 h5 45. Rf4 Be6 46. Rfd4 Rc5 47. Rb2 Bd7 48. Rb6 Rc2+ 49. Ke1 Bc6 50. Kd1 Rc5 51. Kd2 Be8 52. Rb8 Bd7 53. Rg8 Bf5 54. Re8+ Kf6 55. Ra8 Be4 56. Kd1 Kf5 57. Rf8+ Kg4 58. Rf4+ Kg3 1/2-1/2

[Event "5. Kaltern-Trophy 2022 Open A"]
[Site "Kaltern"]
[Date "2022.10.23"]
[Round "4.18"]
[White "Zuev, Mikhail"]
[Black "Vincenti, Francesco"]
[Result "1-0"]
[WhiteElo "1940"]
[BlackElo "1336"]
[PlyCount "120"]
[EventDate "2022.10.21"]

1. d4 d5 2. c4 e6 3. Nf3 Nf6 4. Nc3 c6 5. Bg5 Be7 6. e3 O-O 7. Bd3 Nbd7 8. O-O h6 9. Bh4 dxc4 10. Bxc4 Nb6 11. Bd3 Nfd5 12. Bg3 Bd6 13. a4 Bxg3 14. hxg3 a5 15. Rc1 Bd7 16. Ne4 Rb8 17. Nc5 Be8 18. Ne5 Nd7 19. Ncxd7 Bxd7 20. Qd2 Nb4 21. Bb1 f6 22. Ng6 Re8 23. f4 Qc7 24. e4 Red8 25. Rfd1 Be8 26. Nh4 Bh5 27. Nf3 Rd7 28. Kf2 Rbd8 29. Qe3 Qb6 30. Rc4 Bf7 31. Rcc1 Bh5 32. Rc4 Bf7 33. e5 Nd5 34. Qd2 f5 35. Bd3 Bh5 36. Be2 Bg4 37. Rc5 Nb4 38. Bc4 Kf7 39. Qc3 Qa7 40. Bb3 Qa8 41. Rd2 b6 42. Rc4 Bxf3 43. gxf3 c5 44. Qe3 Nd5 45. Qe2 Nb4 46. g4 fxg4 47. f5 Rxd4 48. Rcxd4 Rxd4 49. fxg4 Qh1 50. Rxd4 cxd4 51. Bxe6+ Ke7 52. Qb5 Qh2+ 53. Kf3 Qh3+ 54. Kf2 Nd3+ 55. Ke2 Qe3+ 56. Kd1 Nf2+ 57. Kc2 d3+ 58. Kb1 Qd4 59. Qc6 Qd8 60. Qb7+ Kf8 1-0

[Event "5. Kaltern-Trophy 2022 Open A"]
[Site "Kaltern"]
[Date "2022.10.23"]
[Round "5.1"]
[White "Barp, Alberto"]
[Black "Kranzl, Julian"]
[Result "0-1"]
[WhiteElo "2413"]
[BlackElo "2238"]
[PlyCount "127"]
[EventDate "2022.10.21"]

1. d4 Nf6 2. c4 e6 3. g3 Bb4+ 4. Bd2 c5 5. Bxb4 cxb4 6. Bg2 a5 7. a3 Na6 8. Nf3 O-O 9. O-O d6 10. Ne1 Qc7 11. Qd3 e5 12. Nd2 Be6 13. Nc2 Rac8 14. Rfc1 Qb6 15. axb4 Nxb4 16. Nxb4 Qxb4 17. b3 exd4 18. Ra4 Qb6 19. Rca1 Rc5 20. Qxd4 Qc7 21. b4 axb4 22. Rxb4 d5 23. Rab1 dxc4 24. Rxb7 Qe5 25. Nf3 Qxd4 26. Nxd4 Bd5 27. R7b5 Rxb5 28. Nxb5 Rb8 29. Nc3 Rxb1+ 30. Nxb1 Ne4 31. Bxe4 Bxe4 32. Nc3 Bc2 33. Kg2 Kf8 34. Kf3 Ke7 35. Ke3 Ke6 36. Kd4 Bb3 37. Nd5 g5 38. Ne3 h5 39. Nxc4 f5 40. f4 gxf4 41. gxf4 Bc2 42. Kc5 Bd1 43. e3 Bf3 44. Ne5 Be4 45. Nc6 Kd7 46. Nd4 Ke7 47. Ne2 Ke6 48. Ng3 Bf3 49. Kd4 Kf6 50. Kc4 h4 51. Kd4 hxg3 52. hxg3 Bh1 53. e4 fxe4 54. g4 Ke6 55. Kc4 Bg2 56. Kd4 Bf3 57. Ke3 Kd5 58. g5 Bg4 59. g6 Bf5 60. g7 Bh7 61. Kd2 Ke6 62. Ke3 Kf5 63. Ke2 Kf6 64. Ke1 0-1

[Event "5. Kaltern-Trophy 2022 Open A"]
[Site "Kaltern"]
[Date "2022.10.23"]
[Round "5.2"]
[White "Mueller, Ralf"]
[Black "Loiacono, Leonardo"]
[Result "1/2-1/2"]
[WhiteElo "2342"]
[BlackElo "2257"]
[PlyCount "52"]
[EventDate "2022.10.21"]

1. d4 d5 2. c4 e6 3. Nf3 Nf6 4. g3 Bb4+ 5. Bd2 Be7 6. Bg2 O-O 7. O-O c6 8. Qc2 b6 9. Bf4 Bb7 10. Rd1 Nbd7 11. Nc3 dxc4 12. Ne5 Nd5 13. Nxc4 Nxf4 14. gxf4 Qc7 15. e3 Rac8 16. a4 a6 17. Qe2 Nf6 18. Ne5 c5 19. d5 exd5 20. Nxd5 Nxd5 21. Bxd5 Rcd8 22. Bf3 Bf6 23. Ng4 Bxf3 24. Nxf6+ gxf6 25. Qxf3 b5 26. Kh1 Kh8 1/2-1/2

[Event "5. Kaltern-Trophy 2022 Open A"]
[Site "Kaltern"]
[Date "2022.10.23"]
[Round "5.4"]
[White "Ritzka, Simon"]
[Black "Schneider-Zinner, Harald"]
[Result "0-1"]
[WhiteElo "2041"]
[BlackElo "2361"]
[PlyCount "88"]
[EventDate "2022.10.21"]

1. e4 e5 2. Nf3 d6 3. d4 exd4 4. Nxd4 Nf6 5. Nc3 Be7 6. Be2 O-O 7. O-O Re8 8. Re1 Bf8 9. Bf3 Nbd7 10. g3 Ne5 11. Bg2 Bg4 12. f3 Bd7 13. b3 c5 14. Nde2 Bc6 15. Nf4 g6 16. Bb2 Bg7 17. Rb1 Qa5 18. Rf1 Rad8 19. a3 Qc7 20. Ncd5 Nxd5 21. Nxd5 Bxd5 22. Qxd5 Nc6 23. Bxg7 Kxg7 24. Rf2 Qa5 25. f4 Qc3 26. Rbf1 f6 27. g4 Re7 28. g5 Rf7 29. f5 Rdf8 30. fxg6 hxg6 31. Qxd6 fxg5 32. Qd2 Qe5 33. Rxf7+ Rxf7 34. Rxf7+ Kxf7 35. Qd7+ Kf6 36. Qxb7 Qd4+ 37. Kf1 Qd1+ 38. Kf2 Qxc2+ 39. Kg1 Qc1+ 40. Kf2 Qd2+ 41. Kf1 Qd3+ 42. Kf2 Ne5 43. h3 g4 44. Qd5 g3+ 0-1

[Event "5. Kaltern-Trophy 2022 Open A"]
[Site "Kaltern"]
[Date "2022.10.23"]
[Round "5.5"]
[White "Frescura, Davide"]
[Black "Lami, Damiano"]
[Result "0-1"]
[WhiteElo "1953"]
[BlackElo "2074"]
[PlyCount "112"]
[EventDate "2022.10.21"]

1. e4 e5 2. Nf3 Nf6 3. Nxe5 d6 4. Nf3 Nxe4 5. c4 Nc6 6. d4 d5 7. Nc3 Bb4 8. Qc2 O-O 9. Bd3 Bg4 10. Be3 Qd6 11. cxd5 Nxc3 12. bxc3 Qxd5 13. cxb4 Rfe8 14. Qc5 Bxf3 15. gxf3 Qxf3 16. Kd2 Rad8 17. Qf5 Qxf5 18. Bxf5 Nxd4 19. Bd3 Nc6 20. Kc3 Nxb4 21. Bxh7+ Kxh7 22. Kxb4 Rd3 23. Rhd1 Re4+ 24. Kc5 Ra3 25. Rd4 Re5+ 26. Kc4 Rea5 27. Rad1 R3a4+ 28. Kc3 Ra3+ 29. Kd2 Rxa2+ 30. Ke1 Rh5 31. Bf4 c5 32. Rd7 Rf5 33. Bg3 b5 34. R7d5 Rxd5 35. Rxd5 b4 36. Kd1 c4 37. Rd2 Ra1+ 38. Kc2 a5 39. Be5 Ra3 40. Rd5 a4 41. Rb5 Ra2+ 42. Kb1 b3 43. Rb4 Re2 44. Bc3 a3 45. Rxc4 a2+ 46. Ka1 Rxf2 47. Re4 Rxh2 48. Re1 g5 49. Rf1 f5 50. Bd4 g4 51. Be5 Re2 52. Bf4 Kg6 53. Bc1 g3 54. Rg1 g2 55. Bb2 Rf2 56. Bc1 f4 0-1

[Event "5. Kaltern-Trophy 2022 Open A"]
[Site "Kaltern"]
[Date "2022.10.23"]
[Round "5.6"]
[White "Niederstaetter, Harald"]
[Black "Haller, Quentin"]
[Result "1/2-1/2"]
[WhiteElo "1904"]
[BlackElo "2095"]
[PlyCount "120"]
[EventDate "2022.10.21"]

1. d4 c5 2. c3 e6 3. Bf4 Qb6 4. Qc2 Nc6 5. e3 Nf6 6. Nd2 d5 7. Ngf3 Bd7 8. Rd1 cxd4 9. exd4 Be7 10. Ne5 Rc8 11. Nxd7 Nxd7 12. Qb3 Na5 13. Qa4 Nc6 14. Rb1 O-O 15. Bd3 e5 16. Bf5 exf4 17. Bxd7 Rc7 18. Bf5 Bd6 19. O-O Re7 20. Qb3 Qxb3 21. axb3 a6 22. Rfe1 Rd8 23. b4 b6 24. Rxe7 Bxe7 25. Bc2 a5 26. Ba4 Rc8 27. Bxc6 Rxc6 28. bxa5 bxa5 29. Kf1 g5 30. Ra1 Rb6 31. Rxa5 Rxb2 32. Ke2 f3+ 33. gxf3 Bd6 34. Ra1 Bxh2 35. Ke1 Bf4 36. Nf1 Rb3 37. Ne3 Bxe3 38. fxe3 Rxc3 39. Kd2 Rc7 40. Kd3 Kg7 41. Ra5 Rd7 42. e4 dxe4+ 43. fxe4 f6 44. e5 fxe5 45. Rxe5 Kf6 46. Ra5 h5 47. Ke4 Re7+ 48. Kf3 Re6 49. Ra8 Kf5 50. Rf8+ Rf6 51. Re8 g4+ 52. Kg3 Kg5 53. Rg8+ Rg6 54. Rh8 Rd6 55. Rg8+ Kh6 56. Kh4 Rxd4 57. Rh8+ Kg6 58. Rg8+ Kf5 59. Kxh5 Rf4 60. Rg5+ Ke4 1/2-1/2

[Event "5. Kaltern-Trophy 2022 Open A"]
[Site "Kaltern"]
[Date "2022.10.23"]
[Round "5.7"]
[White "Thurner, Markus"]
[Black "Budyi, Danylo"]
[Result "1/2-1/2"]
[WhiteElo "2026"]
[BlackElo "1912"]
[PlyCount "80"]
[EventDate "2022.10.21"]

1. e4 e6 2. d4 d5 3. exd5 exd5 4. Bd3 Bd6 5. Nf3 Bg4 6. h3 Bh5 7. Nc3 c6 8. g4 Bg6 9. Bg5 Ne7 10. Qd2 Qc7 11. O-O-O f6 12. Be3 Nd7 13. Rhe1 O-O-O 14. Ne2 Nb6 15. Bf4 Nc4 16. Bxc4 dxc4 17. Bxd6 Qxd6 18. Nf4 c3 19. Qe3 Nd5 20. Nxd5 cxb2+ 21. Kxb2 Qxd5 22. Qe6+ Qxe6 23. Rxe6 Rhe8 24. Rde1 Rxe6 25. Rxe6 Kd7 26. Re3 Re8 27. Rxe8 Kxe8 28. Nd2 Ke7 29. f4 Kd6 30. c4 h5 31. Kc3 hxg4 32. hxg4 f5 33. g5 Bh5 34. Nf1 b6 35. Ne3 g6 36. a3 Bf3 37. Kb4 a5+ 38. Kc3 b5 39. Nc2 Be2 40. Ne3 Bf3 1/2-1/2

[Event "5. Kaltern-Trophy 2022 Open A"]
[Site "Kaltern"]
[Date "2022.10.23"]
[Round "5.8"]
[White "Dietiker, Manuel"]
[Black "Maglioni, Leonardo"]
[Result "0-1"]
[WhiteElo "2021"]
[BlackElo "1822"]
[PlyCount "78"]
[EventDate "2022.10.21"]

1. e4 c5 2. Nf3 Nc6 3. Nc3 Nf6 4. d4 cxd4 5. Nxd4 e5 6. Nxc6 bxc6 7. Bc4 Bb4 8. O-O O-O 9. Bg5 Be7 10. Qd2 h6 11. Be3 Nxe4 12. Nxe4 d5 13. Bd3 dxe4 14. Bxe4 Qc7 15. Qc3 Be6 16. Qxc6 Rac8 17. Qxc7 Rxc7 18. f3 f5 19. Bd3 Bf6 20. c3 Rb8 21. Rf2 f4 22. Bc1 Rd7 23. Be2 Be7 24. b4 Rc8 25. Bb2 Bh4 26. g3 fxg3 27. hxg3 Bxg3 28. Rg2 Bf4 29. Bb5 Be3+ 30. Kh2 Rf7 31. Kg3 Bd5 32. Rf1 Rcf8 33. Be2 Rf5 34. c4 Rg5+ 35. Kh3 Be6+ 36. Rg4 h5 37. Bc1 hxg4+ 38. fxg4 Rxf1 39. Bxe3 Re1 0-1